| 000 | 01363caa a22003735a 4500 | ||
|---|---|---|---|
| 003 | EG-ScBUE | ||
| 005 | 20220314101924.0 | ||
| 008 | 081217r20051984 ua f 000 f eng d | ||
| 020 | _a9774240340 | ||
| 020 | _a9789774240348 | ||
| 040 |
_cEG-ScBUE _beng _erda _dEG-ScBUE _aEG-ScBUE |
||
| 041 | 1 |
_aeng _hara |
|
| 043 | _af-ua--- | ||
| 082 | 0 | 4 |
_a892.736 _bMAH _222 |
| 100 | 1 |
_aMaḥfūẓ, Najīb, _d1911-2006, _eauthor. _933443 |
|
| 240 | 1 | 0 |
_aLiss wa-al-kilab. _lEnglish |
| 245 | 1 | 4 |
_aThe thief and the dogs / _cNaguib Mahfouz ; translated by Trevor le Gassick, M. M. Badwi ; reviesd by John Rodenbeck. |
| 250 | _aTenth printing. | ||
| 264 | 1 |
_aCairo : _bThe American University in Cairo, _c2005. |
|
| 300 |
_a158 pages ; _c20 cm. |
||
| 336 |
_2rdacontent _atext _btxt |
||
| 337 |
_2rdamedia _aunmediated _bn |
||
| 338 |
_2rdacarrier _avolume _bnc |
||
| 490 | 0 | _aModern Arabic writing | |
| 546 | _aText in English ; translated from original Arabic. | ||
| 650 | 7 |
_aArabic fiction _xTranslations into English. _zEgypt. _2BUEsh |
|
| 651 | 7 |
_aEgypt _xFiction. _2BUEsh _933444 |
|
| 653 |
_bARALIT _cNovember2021 |
||
| 655 |
_vReading book _934232 |
||
| 700 | 1 |
_aLe Gassick, Trevor. _91503 _4translator. |
|
| 700 | 1 |
_aBadawi, Muḥammad Musṭafa, _91504 _4translator |
|
| 700 | 1 |
_aRodenbeck, John, _erevisor. _933445 |
|
| 942 |
_cBB _k892.736 MAH _2ddc |
||
| 999 |
_c346 _d346 |
||